| 000 | 00463nam a2200193Ia 4500 | ||
|---|---|---|---|
| 005 | 20250117045811.0 | ||
| 008 | 240331s9999 xx 000 0 und d | ||
| 020 | _a8187036524 | ||
| 082 |
_bKAU _24707 _a305.3 |
||
| 100 | _aKaushik, V | ||
| 245 | 0 | _aGolden Thoughts on Women | |
| 260 |
_aJaipur _bBook Enclave _c2001 |
||
| 300 | _av, 426 p., | ||
| 650 | _aWomen | ||
| 650 | _aReligion | ||
| 650 | _aWomen Education | ||
| 650 | _aWomen Profession | ||
| 942 | _cL | ||
| 999 |
_c1596 _d1596 |
||